Simple Math - Statistics

General Stats
  • This quiz has been taken 91 times
  • The average score is 8 of 10
Answer Stats
Hint Explanation Answer % Correct
1 + 1 Do I need to explain? 2
99%
100 - 10 + 20 100 - 10 = 90. 90 + 20 = 110 110
87%
9 + 10 always has been. 19
87%
70 + 60 7 + 6 = 13 130
86%
63 / 7 7 * 9 = 63 9
86%
21 / 3 3 * 7 = 21 7
84%
6 * 3 6 + 6 + 6 = 18 18
83%
110 - 55 55 + 55 = 110 55
80%
60 - 15 45 + 15 = 60 45
79%
275 / 25 25 * 11 = 275 11
59%
No matching quizzes found
Score Distribution
Percent of People with Each Score
Percentile by Number Answered
Your Score History
You have not taken this quiz